| 000 | 01233nam0a22002411 4500 | ||
|---|---|---|---|
| 001 | rc\1093334 | ||
| 005 | 20260407085056.0 | ||
| 035 | _a(NLR Aleph) 006339864 | ||
| 090 |
_a7630508 _c7630508 |
||
| 100 | _a20041126d1984 |||y0rusy50 ca | ||
| 101 | 0 | _arus | |
| 102 | _aRU | ||
| 105 | _ay ||||||||| | ||
| 200 | 1 |
_aПРИМЕРНЫЕ десятидневные меню для питания детей, посещающих детские дошкольные учреждения РСФСР _eМетод. рекомендации _fМ-во здравоохранения СССР, Гл. упр. лечеб.-профилакт. помощи детям и матерям, Ин-т питания АМН СССР _g[Разраб. Ладодо К.С. и др.] |
|
| 210 |
_aМ. _cБ. и. _d1984 |
||
| 215 |
_a81 с. _d20 |
||
| 702 | 1 |
_4570 _7ca _8rus _aЛадодо _bК. С. _f1924- _gКалерия Сергеевна _9150580 _3RU\NLR\AUTH\770150617 |
|
| 712 | 0 | 1 |
_aСССР _bГлавное управление лечебно-профилактической помощи детям и матерям _9298571 _3RU\NLR\AUTH\8812830 |
| 801 | 0 |
_aRU _bNLR _gpsbo |
|
| 801 | 1 |
_aRU _bELAR _2rusmarc |
|
| 852 |
_aNLR _j87-4/8432 |
||
| 942 | _cBOOK | ||
| 980 | _aNB | ||